| 000 | 00624 a2200181 4500 | ||
|---|---|---|---|
| 999 |
_c10316 _d10316 |
||
| 020 | _a9781839102103 | ||
| 050 | _aK1973.P66 2021 | ||
| 100 |
_aEgan, Suzanne _eeditor |
||
| 245 |
_aPoverty and human rights : _bmultidisciplinary perspectives _cSuzanne Egan / |
||
| 264 |
_aCheltenham, UK ; Northampton, Massachusetts, USA : _b Edward Elgar, _c2021 |
||
| 300 | _aviii, 210 pages ; 25 cm | ||
| 500 | _aIncludes index | ||
| 650 |
_aPoverty _xGovernment policy. |
||
| 650 |
_aPoverty _xInternational cooperation. |
||
| 650 | _aHuman rights. | ||
| 700 |
_aChadwick, Anna _d1986- _eeditor |
||
| 942 |
_2lcc _cBK _h1973.P66 _iPOV _kK |
||